LEADER 01368nam 2200361Ia 450 001 996390983103316 005 20221108103828.0 035 $a(CKB)1000000000665412 035 $a(EEBO)2240923516 035 $a(OCoLC)166384411 035 $a(EXLCZ)991000000000665412 100 $a20070829d1589 uy 0 101 0 $aeng 135 $aurbn||||a|bb| 200 10$aIniunctions giuen by the Queenes Maiestie. Anno Dom. 1559$b[electronic resource] $eThe first yeere of the raigne of our soueraign Lady Queene Elizabeth. 210 $a[London $cT. Dawson?, the Deputies of C. Barker$d1589?] 215 $a[32] p 300 $aPublisher and date of publication suggested by STC (2nd ed.). 300 $a"Cum Priuilegio Regiæ Maiestatis." 300 $aSignatures: A-D⁴. 300 $aTitle within illustrated border (McK. & Ferg. 165). 300 $aReproduction of original in the Harvard University. Library. 330 $aeebo-0159 606 $aEcclesiastical law$zEngland$vEarly works to 1800 607 $aGreat Britain$xChurch history$vEarly works to 1800 615 0$aEcclesiastical law 701 $aElizabeth$cQueen of England,$f1533-1603.$0996842 801 0$bUMI 801 1$bUMI 906 $aBOOK 912 $a996390983103316 996 $aIniunctions giuen by the Queenes Maiestie. Anno Dom. 1559$92351990 997 $aUNISA LEADER 01288nam 2200313 n 450 001 996390237103316 005 20221108033706.0 035 $a(CKB)4940000000102726 035 $a(EEBO)2240946246 035 $a(UnM)99843495 035 $a(EXLCZ)994940000000102726 100 $a19910718d1617 uy | 101 0 $aeng 135 $aurbn||||a|bb| 200 00$aDauids blessed man. Or, A short exposition vpon the first Psalme, directing a man to true happinesse$b[electronic resource] $eWherein the estate and condition of all man-kind is laid downe, both for this life, and that which is to come. The fourth edition profitably amplified by the author Samuell Smith, preacher of the Word of God at Prittlewell in Essex 210 $aLondon $cPrinted by Nicholas Okes$d1617 215 $a[20], 315, [1] p. $cfold. table 300 $aImperfect. 300 $aReproduction of the original in the Folger Shakespeare Library. 330 $aeebo-0055 700 $aSmith$b Samuel$f1588-1665.$01001235 801 0$bCu-RivES 801 1$bCu-RivES 801 2$bCStRLIN 801 2$bWaOLN 906 $aBOOK 912 $a996390237103316 996 $aDauids blessed man. Or, A short exposition vpon the first Psalme, directing a man to true happinesse$92302471 997 $aUNISA